Kluby, które wygrały Ligę Mistrzów - Statystyki

Ogólne statystyki
  • Ten quiz został rozwiązany 1 697 razy
  • Średni wynik to 12 z 22
Statystyki odpowiedzi
Liczba wygranych Lig Mistrzów Liczba rozegranych finałów Ligi Mistrzów Klub % Poprawnych
14 17 Real Madryt
100%
5 8 Barcelona
95%
7 11 AC Milan
85%
6 11 Bayern Monachium
85%
6 10 Liverpool
82%
3 5 Manchester United
82%
3 5 Inter Mediolan
78%
2 9 Juventus
72%
2 3 Chelsea
67%
4 6 Ajax
61%
1 2 Borussia Dortmund
59%
2 2 Porto
51%
2 7 Benfica
46%
2 2 Nottingham Forest
36%
1 1 PSV Eindhoven
31%
1 1 Aston Villa
30%
1 2 Celtic
30%
1 2 Hamburger
28%
1 2 Olympique Marsylia
21%
1 1 Feyenoord Rotterdam
17%
1 2 Steaua Bukareszt
13%
1 1 Crvena Zvezda Belgrad
7%
Nie znaleziono quizów pasujących do podanych kryteriów
Rozkład punktacji
Procent ludzi z każdym wynikiem
Percentyl według liczby udzielonych odpowiedzi
Twoja historia wyników
Nie rozwiązałeś tego quizu